00322 2200145 4500245003800000250001100038100002000049650001600069650001700085005001900102260001800121041001400139084001400153336000900167 aLife StorycMuhammad RidwanhText aCet. 1 aMuhammad Ridwan aKarya Siswa aAutobiografi a20250520111537 aJakartac2025 aIndonesia a081 MUH l atext